=LDR 00000nam 2200000 4500 =001 000780 =005 20250711110220 =035 ##$$a 0010-0725000649 =007 ta =008 250711################a##########0#ind## =020 ##$$a 978-623-427-662-6 =082 ##$$a 398.209 598 =084 ##$$a 398.209 598 KEE k =100 #$$a Keevy, Jon =245 1#$$a Kaus kaki cilik ingin pulang /$c Jon Keevy =250 ##$$a Kedua =260 ##$$a Jakarta :$b Badan pengembangan dan pembinaan bahasa,$c 2022 =300 ##$$a 28 HLM. : $b ilus. ; $c 22,9 cm =650 #4$$a Ceritana Indonesia terjemahan =650 #4$$a Literasi bahan bacaan =700 #$$a Lili Probart =990 ##$$a TBM202400805